000 00297nam a22001337a 4500
008 170330b xxu||||| |||| 00| 0 eng d
020 _a9781429254328
041 _aeng
080 _23 ED
_a616-053.2
100 _a8
101 _aSHM
245 _aDEVELOP HOW CHILDREN
_cSIEGLER
942 _2udc
_cBK
999 _c9168
_d9168